| 000 | 01090cam a2200265 a 4500 | ||
|---|---|---|---|
| 001 | 000014038 | ||
| 005 | 20200929163439.0 | ||
| 008 | 011210s2001 mx b f000 0 spa | ||
| 020 | _a9685087318 | ||
| 035 | _a(MxMxBFM)bm970114147 | ||
| 040 |
_aDO-SdBNP _cDLC _dDLC |
||
| 043 |
_an-mx--- _an-us--- |
||
| 082 |
_a325.72073 _bN322m |
||
| 100 | 1 |
_aNavarro Smith, Alejandra. _931789 |
|
| 245 | 1 | 0 |
_aMirando el sol : _bhacia una configuración del proceso migratorio entre México y Estados Unidos / _cAlejandra Navarro Smith. |
| 260 |
_aMéxico : _bConsejo Nacional para la Enseñanza de la Investigación de la Comunicación ; _bInstituto Tecnológico de Estudios Superiores de Occidente, _c2001. |
||
| 300 |
_a141 p. ; _c21 cm. |
||
| 490 | 1 | _aCuadernos del CONEICC | |
| 504 | _aIncluye referencias bibliográficas (p. 135-141). | ||
| 651 | 4 |
_aMéxico _xEmigración E Inmigración. _zEstados Unidos _931790 |
|
| 651 | 4 |
_aEstados Unidos _xEmigración E Inmigración. _zMéxico _931791 |
|
| 830 | 0 |
_aCuadernos del CONEICC ; _931792 |
|
| 910 | _aCatalogación por copia / LC | ||
| 049 | _aBNGR | ||
| 999 |
_c13640 _d13640 |
||